Loading...
| Fine Arts - Other Fine Arts | 0 | 2 | 0 | 1 | 20 | 85 | 100.50 | 0 | 1 |
| Religion | 0 | 2 | 0 | 2 | 20 | 122 | 128.00 | 0 | 0 |
| Fine Arts - Classical Music | 0 | 2 | 0 | 1 | 20 | 90 | 114.00 | 1 | 1 |
| Science - Chemistry | 0 | 3 | 2 | 0 | 20 | 54 | 73.67 | 0 | 2 |
| Literature - World/Other Literature | 0 | 1 | 0 | 0 | 10 | 53 | 53.00 | 1 | 1 |
| Geography/Current Events | 0 | 1 | 0 | 0 | 10 | 48 | 48.00 | 0 | 0 |
| Literature - American Literature | 0 | 1 | 0 | 0 | 10 | 129 | 129.00 | 0 | 0 |
| Literature - British Literature | 0 | 1 | 2 | 1 | 0 | 123 | 123.00 | 0 | 0 |
| Science - Biology | 0 | 1 | 2 | 0 | 0 | 104 | 104.00 | 0 | 0 |
| Science - Other Science | 0 | 0 | 0 | 0 | 0 | 0.00 | 0 | 0 | |
| Science - Physics | 0 | 0 | 0 | 0 | 0 | 0.00 | 0 | 0 | |
| Social Science | 0 | 0 | 0 | 0 | 0 | 0.00 | 0 | 0 | |
| History - World History | 0 | 0 | 1 | 0 | -5 | 0.00 | 0 | 0 |